|
|
|
|
| LEADER |
00000nab a2200000 ar4500 |
| 001 |
vtls009188935 |
| 003 |
SK-MaSNL |
| 005 |
20260303060111.0 |
| 008 |
080305c20080226xo mr|p|||||||000 b|slo |
| 015 |
|
|
|a SNKBUCL2008/03
|2 snkbucl
|
| 038 |
|
|
|a SNKBUCL
|
| 040 |
|
|
|a SNKBUCL
|b slo
|c SNKBUCL
|e AACR2
|
| 041 |
0 |
|
|a slo
|
| 044 |
|
|
|a xo
|c SK
|
| 080 |
|
|
|a 796.386.093.1
|x (100)
|2 2001
|
| 245 |
0 |
0 |
|a Ženy za ďalšími dvoma prekážkami
|b v súboji s Ruskom mali Slováci víťazstvo na dosah, nestačilo ani vedenie 2:1
|
| 300 |
|
|
|b Fotogr., tab.
|
| 611 |
2 |
7 |
|a Majstrovstvá sveta v stolnom tenise družstiev
|n (49. :
|d 2008 :
|c Guangžou, Čína)
|2 snkbucl
|9 1052405
|
| 650 |
0 |
7 |
|a stolný tenis
|2 snkbucl
|9 25562
|
| 650 |
0 |
7 |
|a družstvá
|2 snkbucl
|9 2107
|
| 773 |
0 |
|
|t Šport
|g Roč. 62, č. 48 (26.2.2008), s. 37
|x 0139-7001
|
| 852 |
|
|
|a SNK
|b KIS3GCP
|
| 999 |
|
|
|c 1730121
|d 1732051
|